00279nam a2200133Ia 45000030006000000080041000060400015000471000021000622450019000832600006001023000006001085460014001140050017001280STCL150530s9999 xx 000 0 und d aSTCLcSTCL aRama Menon, V.P. aParinnamarasam c0 a0 aMalayalam20220125165814.0